000
00270nam a2200097Ia 4500
001
679675
005
20250826161100.0
008
250824s9999 xx 000 0 und d
245
0
_a
HÖDÜK GÜDÜK BİR DE BIDIK RAP RAP RAP
_c
İSMET BERTAN
260
_b
GÜNIŞIĞI YAYINLARI
999
_c
679675
_d
679675